<?xml version="1.0" encoding="UTF-8"?>
<record
    xmlns:xsi="http://www.w3.org/2001/XMLSchema-instance"
    xsi:schemaLocation="http://www.loc.gov/MARC21/slim http://www.loc.gov/standards/marcxml/schema/MARC21slim.xsd"
    xmlns="http://www.loc.gov/MARC21/slim">

  <leader>01925nam#a2200265   4500</leader>
  <controlfield tag="001">9781456225452</controlfield>
  <controlfield tag="003">VST</controlfield>
  <controlfield tag="005">20250425090629.0</controlfield>
  <controlfield tag="006">m     o  d        </controlfield>
  <controlfield tag="007">cr#un#---uucau</controlfield>
  <controlfield tag="008">140509s2014    MEX                 eng d</controlfield>
  <datafield tag="020" ind1=" " ind2=" ">
    <subfield code="a">9781456225452</subfield>
  </datafield>
  <datafield tag="040" ind1=" " ind2=" ">
    <subfield code="a">VST</subfield>
    <subfield code="c">VST</subfield>
    <subfield code="d">VST</subfield>
  </datafield>
  <datafield tag="100" ind1="1" ind2=" ">
    <subfield code="a">Luis Joyanes Aguilar</subfield>
    <subfield code="e">author</subfield>
  </datafield>
  <datafield tag="245" ind1="1" ind2="0">
    <subfield code="a">Programaci&#xF3;n en C, C++, Java y UML, 2nd Edition</subfield>
  </datafield>
  <datafield tag="250" ind1=" " ind2=" ">
    <subfield code="a">second edition</subfield>
  </datafield>
  <datafield tag="260" ind1=" " ind2=" ">
    <subfield code="a">Mexico :</subfield>
  </datafield>
  <datafield tag="264" ind1=" " ind2="1">
    <subfield code="a">Mexico :</subfield>
    <subfield code="b">McGraw-Hill Interamericana,</subfield>
    <subfield code="c">2014</subfield>
  </datafield>
  <datafield tag="300" ind1=" " ind2=" ">
    <subfield code="a">1 online resource</subfield>
  </datafield>
  <datafield tag="336" ind1=" " ind2=" ">
    <subfield code="a">text</subfield>
    <subfield code="b">txt</subfield>
    <subfield code="2">rdacontent</subfield>
  </datafield>
  <datafield tag="337" ind1=" " ind2=" ">
    <subfield code="a">computer</subfield>
    <subfield code="b">c</subfield>
    <subfield code="2">rdamedia</subfield>
  </datafield>
  <datafield tag="520" ind1=" " ind2=" ">
    <subfield code="a">Bienvenido a Programaci&#xF3;n en C, C++, Java y UML, 2&#xAA; edici&#xF3;n. &#xBF;Qu&#xE9; ha sucedido en el campo de la inform&#xE1;tica y de la computaci&#xF3;n en general desde 2010, a&#xF1;o en que se public&#xF3; la primera edici&#xF3;n? En el &#xE1;rea de computaci&#xF3;n se han desplegado y consolidado numerosas innovaciones tecnol&#xF3;gicas, hoy ya una realidad aut&#xE9;ntica, tanto social como empresarial y de negocios (Cloud Computing, Big Data, Internet de las cosas, etc.). Y en el &#xE1;rea de programaci&#xF3;n de computadoras, la Web 2.0 se ha consolidado, la programaci&#xF3;n web ha pasado a constituir una materia de estudio y de desarrollo profesional en los &#xFA;ltimos semestres de las carreras de ciencias e ingenier&#xED;a. Y en el caso particular de los lenguajes de programaci&#xF3;n y de la disciplina de programaci&#xF3;n, espina dorsal de los estudios de ingenier&#xED;a de sistemas, ingenier&#xED;a de telecomunicaciones, ingenier&#xED;a electr&#xF3;nica..., ciencias, etc., cuando escribimos la primera edici&#xF3;n, lo hicimos utilizando las versiones de C99 y C ANSI, C++98 y Java 5 y la joven versi&#xF3;n de Java 6 y hoy d&#xED;a se han consolidado las nuevas e innovadoras versiones de C++11, Java 7 y Java 8 unidas a la actualizaci&#xF3;n de la versi&#xF3;n de C, C11.</subfield>
  </datafield>
  <datafield tag="856" ind1="4" ind2="0">
    <subfield code="u">https://resolver.vitalsource.com/9781456225452</subfield>
  </datafield>
  <datafield tag="942" ind1=" " ind2=" ">
    <subfield code="c">RAA</subfield>
  </datafield>
  <datafield tag="952" ind1=" " ind2=" ">
    <subfield code="0">0</subfield>
    <subfield code="1">0</subfield>
    <subfield code="4">0</subfield>
    <subfield code="7">0</subfield>
    <subfield code="8">MGH</subfield>
    <subfield code="a">BD-UIN</subfield>
    <subfield code="b">BD-UIN</subfield>
    <subfield code="d">2025-04-25</subfield>
    <subfield code="l">0</subfield>
    <subfield code="r">2025-04-25</subfield>
    <subfield code="w">2025-04-25</subfield>
    <subfield code="y">RAA</subfield>
  </datafield>
  <datafield tag="999" ind1=" " ind2=" ">
    <subfield code="c">228945</subfield>
    <subfield code="d">228945</subfield>
  </datafield>
</record>
